9/4.4.1 Prehľad peňažných tokov (cash flow statement)
Charakteristika prehľadu peňažných tokov. Základné pojmy. Metódy vykazovania peňažných tokov. Príklad spoločnosto KOLESO, s r.o.
Na minha lista:
| Autor principal: | |
|---|---|
| Formato: | Capítulo de Livro |
| Idioma: | eslovaco |
| Assuntos: | |
| Tags: |
Sem tags, seja o primeiro a adicionar uma tag!
|
MARC
| LEADER | 00000naa$a2200000$$$4500 | ||
|---|---|---|---|
| 001 | 0051203 | ||
| 005 | 20240502071609.3 | ||
| 041 | 0 | |a slo | |
| 044 | |a SK | ||
| 245 | 1 | 0 | |a 9/4.4.1 Prehľad peňažných tokov |b (cash flow statement) |c Miloš Sklenka |
| 520 | |a Charakteristika prehľadu peňažných tokov. Základné pojmy. Metódy vykazovania peňažných tokov. Príklad spoločnosto KOLESO, s r.o. | ||
| 610 | 2 | 0 | |a závierka účtovná |
| 610 | 2 | 0 | |a cash flow |
| 610 | 2 | 0 | |a pojmy |
| 610 | 2 | 0 | |a výkazníctvo účtovné |
| 610 | 2 | 0 | |a metódy |
| 100 | 1 | |a Sklenka, Miloš | |